| 000 | 00679cam a22002413a 4500 | ||
|---|---|---|---|
| 001 | 29977 | ||
| 003 | PGUSA | ||
| 005 | 20140828083640.0 | ||
| 008 | 090913s2009||||xxu|||||s|||||000 p eng d | ||
| 040 |
_aPGUSA _beng |
||
| 042 | _adc | ||
| 050 | 4 | _aPQ | |
| 100 | 1 |
_aJacopone, da Todi, _d1230-1306 |
|
| 245 | 1 | 0 |
_aLe Laude : _bsecondo la stampa fiorentina del 1490 _h[electronic resource] / _cda Todi Jacopone |
| 260 |
_bProject Gutenberg, _c2009 |
||
| 506 | _aPublic domain in the USA. | ||
| 516 | _aElectronic text | ||
| 653 | _aPoetry | ||
| 700 | 1 | _aFerri, Giovanni | |
| 830 | 0 |
_aProject Gutenberg _v29977 |
|
| 856 | 4 | 0 | _uhttp://www.gutenberg.org/ebooks/29977 |
| 942 | _cEB | ||
| 999 |
_c259232 _d259232 |
||